| 000 | 00517nam a2200205Ia 4500 | ||
|---|---|---|---|
| 003 | OSt | ||
| 005 | 20140314084615.0 | ||
| 008 | 140130s9999 xx 000 0 und d | ||
| 020 | _a9780439598125 | ||
| 050 |
_aHV 8073 _b.H798 2003 |
||
| 100 | _aHopping, Lorraine Jean | ||
| 245 |
_cLorraine Jean Hopping. _aInside the crime lab / |
||
| 260 |
_bScholastic, _aNew York : _c2003. |
||
| 300 |
_a64 p. : _bill. ; _c18 cm. |
||
| 521 | _aG5 | ||
| 526 | _c700 | ||
| 942 |
_cBK _2lcc |
||
| 999 |
_c41003 _d41003 |
||